Statistics for Ultimate French Verb Quiz

Click here to take the quiz!

General Stats

  • This quiz has been taken 154 times
  • The average score is 39 of 75

Answer Stats

VerbTranslation% Correct
ArriverTo arrive
92%
MangerTo eat
92%
AllerTo go
92%
AvoirTo have
92%
BoireTo drink
91%
ToucherTo touch
89%
ÉtudierTo study
88%
PenserTo think
88%
UtiliserTo use
85%
CommencerTo start
84%
FaireTo do
83%
OuvrirTo open
81%
RisquerTo risk
81%
MourirTo die
80%
VoirTo see
80%
VoyagerTo travel
80%
VouloirTo want
79%
GagnerTo win
79%
EntrerTo enter
78%
PratiquerTo practice
76%
EssayerTo try
76%
PrendreTo take
71%
ApprendreTo learn
70%
ÊtreTo be
69%
CuisinerTo cook
69%
TravaillerTo work
68%
ParlerTo talk
66%
VivreTo live
65%
FumerTo smoke
65%
SouffrirTo suffer
65%
RevenirTo come back
64%
CréerTo create
64%
TrouverTo find
63%
VolerTo fly
63%
VendreTo sell
62%
GoûterTo taste
62%
AcheterTo buy
61%
NaîtreTo be born
57%
DevenirTo become
56%
AjouterTo add
54%
DemanderTo ask
48%
RaconterTo tell
47%
DémolirTo demolish
46%
ConstruireTo build
45%
PouvoirTo be able to
44%
DonnerTo give
44%
EntendreTo hear
44%
TraverserTo cross
43%
SavoirTo know
41%
RéussirTo succeed
40%
ComprendreTo understand
40%
MetttreTo put
36%
ÉcrireTo write
35%
RentrerTo return
34%
DétruireTo destroy
31%
ResterTo stay
30%
DefendreTo defend
27%
ExpliquerTo explain
26%
HabiterTo live in
23%
PréparerTo prepare
23%
CompterTo count
21%
DevoirTo have to
20%
MultiplierTo multiply
20%
DiviserTo divide
18%
HabillerTo dress
18%
SuivreTo follow
16%
SouvenirTo remember
15%
LaisserTo leave
13%
BrûlerTo burn
11%
EffacerTo erase
7%
MonterTo show
6%
RamasserTo pick up
3%
RappelerTo remind
1%
SoustraireTo subtract
1%
PillerTo plunder
0%

Score Distribution

Percentile by Number Answered

Percent of People with Each Score

Your Score History

You have not taken this quiz